Регионална библиотека "Любен Каравелов" - Русе

Стрелецът от Айфеловата кула (Запис номер 17425)

MARC детайли
000 -Лидер
Контролно поле с фиксирана дължина 01352nam a2200361 c 4500
003 - Код на организацията, давaща контролен номер
Контролно поле BLK
005 - Дата и час на последна редакция
Контролно поле 20250610102009.0
008 - Елементи от данни с фиксирана дължина
fixed length control field 180413b bul|||||r ||||||| ||bul||
010 ## - Наследен системен номер
LC control number KNG00019368000
020 ## - Международен стандартен номер на книга ISBN
Международен стандартен номер на книга ISBN 954-799-814-5
-- издат.: Изд. авт.
040 ## - Източник на каталожния запис
Идентификатор на билиотеката - собственик на записа BLK
041 ## - Код за език
Код за езика на текст/звукозапис или на отделно заглавие Български
Код за езика КДБФ Български
072 #7 - Код за тематичната категория
Код организация bullib
Код за тематична категория Я
Текст Автографи
080 ## - УДК
Текстов определител УДК Българска литература
УДК код - определител по УДК 821.163.2
УДК определител -054.7-4
УДК - код + определител 821.163.2-054.7-4
080 ## - УДК
Текстов определител УДК Българска литература
УДК код - определител по УДК 821.163.2
УДК определител -054.7-32
УДК - код + определител 821.163.2-054.7-32
100 1# - Редна дума - Автор
Автор Чеков, Божидар
Авторска отговорност първи автор
R(LIN) 261981
139 ## - Редно поле
Редна дума Чеков, Божидар
Авторски знак Чек - Ч 50
245 10 - Сведения за заглавието
Заглавие Стрелецът от Айфеловата кула
Подзаглавни данни [Публицистика]
Редно поле (дума) Божидар Чеков.
257 ## - Страна на издаване
Страна на създаване/издаване България
260 ## - Област на издателските данни
-- София
Име на издателя, разпространителя и проч. Изд. авт.
Година на издаване 1997
Печатница Русе : Дунав прес
300 ## - Физическа характеристика
Страници 158 с.
Илюстрации и др. с цв. ил., 1 л. ил.
Размери/Мащаб 24 см
380 ## - Жанр
Жанр Худож. лит.
500 ## - Общи забележки
Забележка Офс. изд. - 2 000 тир.
653 ## - Ключова дума – ненормативна
Ключова дума публицистика
653 ## - Ключова дума – ненормативна
Ключова дума разкази
659 ## - Тематичен бюлетин
Тематичен бюлетин Я
852 ## - Местоположение
Форматна сигнатура Цб 194507
856 4# - Електронен адрес и достъп
Електронен формат pdf - файл
Път до файла /url/
856 4# - Електронен адрес и достъп
Електронен формат pdf - файл
Път до файла /url/
942 ## - АРТИКУЛИ
Вид на библиотечния материал Книги
Скрит в OPAC Не
Koha issues (borrowed), all copies 1
944 ## - СЪЗДАВАНЕ И РЕДАКЦИЯ на ЗАПИСА
Създаване/Редакция Създаване
Дата на регистрацията/редакция 15.01.2003
Статус, дата на статуса Русанова Ирена
Служител, извършил регистрацията/редакцията 30542
944 ## - СЪЗДАВАНЕ И РЕДАКЦИЯ на ЗАПИСА
Създаване/Редакция Редакция
Дата на регистрацията/редакция 03.01.2017
Статус, дата на статуса ф /
Служител, извършил регистрацията/редакцията Людмила_Стоянова
999 ## - СИСТЕМНИ КОНТРОЛНИ НОМЕРА
Koha biblionumber 17425
Koha biblioitemnumber 17425
Наличности
Код за отписване Код за изгубен артикул Източник на класификационната схема Код за повреда Коз за рестрикции Код за отдаване Артикулен № Име на библиотеката - собственик Име на библиотеката, в която се намира в момента Статус (Текущо местоположение) Дата на вписване в системата Местоположение - отдел Цена в лева Инвентарен номер Систематично азбучна сигнатура Баркод Номер на екземпляра Цена в евро Служебна бележка Служебен тип на артикула Номерация (Хронология)
Изтеглен Не е изгубен Universal Decimal Classification Не е повреден без рестрикции заемане за дома 29390 Регионална библиотека "Любен Каравелов" Русе Регионална библиотека "Любен Каравелов" Русе Заемна - подръчен фонд 2001-01-01 Заемна - подръчен фонд 2.00 636293 П 886.7-4/Ч 50 636293 1 1.02 Дост: Pk Вид: Ф N: стар фонд Дата: 01.01.1997 Дата инв: 09.02.2018 Бележки инв: П2018 Книги  
  Не е изгубен Universal Decimal Classification Не е повреден без рестрикции ползва се в читалня 29391 Регионална библиотека "Любен Каравелов" Русе Регионална библиотека "Любен Каравелов" Русе Хранилище 2001-01-01 Хранилище 0.00 636660 Цб 194507 120000636660 2 0.00 Дост: Dp Вид: Д N: 45 Дата: 01.01.1997 Книги  
  Не е изгубен   Не е повреден без рестрикции ползва се в читалня 29392 Регионална библиотека "Любен Каравелов" Русе Регионална библиотека "Любен Каравелов" Русе Хранилище 2005-11-03 Основен фонд - ползва се само за читалня 5.00 120000697799 Цб 194507 120000697799 3 2.56 Дост: DA Вид: А N: 24 Дата: 02.11.2005 Книги Автограф: Божидар Чеков
  Не е изгубен   Не е повреден без рестрикции заемане за дома 29393 Регионална библиотека "Любен Каравелов" Русе Регионална библиотека "Любен Каравелов" Русе Заемна - подръчен фонд 2016-12-08 Заемна - подръчен фонд 5.00 120000806208 П 886.7-4/Ч 50 120000806208 4 2.56 Дост: DA Вид: А N: 45 Дата: 08.12.2016 Дата инв: 09.02.2018 Бележки инв: П2018 Книги Автограф: Божидар Чеков
  Не е изгубен   Не е повреден без рестрикции заемане за дома 29394 Регионална библиотека "Любен Каравелов" Русе Регионална библиотека "Любен Каравелов" Русе Заемна - подръчен фонд 2016-12-08 Заемна - подръчен фонд 5.00 120000806209 П 886.7-4/Ч 50 120000806209 5 2.56 Дост: DA Вид: А N: 45 Дата: 08.12.2016 Дата инв: 09.02.2018 Бележки инв: П2018 Книги Автограф: Божидар Чеков
Vip Innovations Ltd, Rousse, Bulgaria 2025